Sevilla Scorers in 2010s Champions League - Statistics

General Stats
  • This quiz has been taken 93 times
  • The average score is 8 of 27
Answer Stats
Player Nation Gls % Correct
Wissam Ben Yedder France 10
79%
Éver Banega Argentina 3
63%
Kévin Gameiro France 1
62%
Frédéric Kanouté Mali 2
60%
Luís Fabiano Brazil 2
51%
Yevhen Konoplyanka Ukraine 2
50%
Jesús Navas Spain 2
49%
Joaquín Correa Argentina 2
43%
Steven Nzonzi France 1
38%
Simon Kjær Denmark 1
34%
Álvaro Negredo Spain 1
28%
Luciano Vietto Argentina 1
25%
Vitolo Spain 1
25%
Clément Lenglet France 1
24%
Fernando Llorente Spain 1
21%
Pablo Sarabia Spain 2
21%
Sergio Escudero Spain 1
21%
Benoît Trémoulinas France 1
19%
Samir Nasri France 1
19%
Ganso Brazil 1
18%
Nicolás Pareja Argentina 1
18%
Adriano Brazil 1
16%
Diego Perotti Argentina 1
15%
Renato Brazil 1
15%
Guido Pizarro Argentina 1
13%
Sébastien Squillaci France 2
9%
Abdoulay Konko France 1
6%
No matching quizzes found
Score Distribution
Percent of People with Each Score
Percentile by Number Answered
Your Score History
You have not taken this quiz